| 000 | 01044nam0a2200337 4500 | ||
|---|---|---|---|
| 001 | RU\NLR\bibl\1440574 | ||
| 005 | 20250615224538.0 | ||
| 010 |
_a978-5-7024-2628-0 _925000 |
||
| 021 |
_aRU _b2009-78043 _94885 |
||
| 035 | _a(nilc)RSL-KNO-004390628 | ||
| 035 | _a(NLR Aleph) 001432432 | ||
| 090 |
_a1411146 _c1411146 |
||
| 100 | _a20090930d2010 |||y0rusy50 ca | ||
| 101 | 1 |
_arus _ceng |
|
| 102 | _aRU | ||
| 105 | _ay zzzz||||| | ||
| 200 | 1 |
_aТри грации _eроман _fТони Молхо |
|
| 210 |
_aМосква _cПанорама _d2010 [т.е. 2009] |
||
| 215 |
_a189, [1] с. _d17 |
||
| 225 | 1 |
_aПанорама романов о любви _v10-006 |
|
| 300 | _aКн. фактически изд. в 2009 г. | ||
| 686 |
_aШ5(4Вл)62-644 _2rubbk |
||
| 686 | _aШ6(2=Р)8-440.4 | ||
| 700 | 1 |
_aМолхо _bТ. _gТони _4070 |
|
| 801 | 0 |
_aRU _bРКП _c20090930 _grcr |
|
| 801 | 1 |
_aRU _bРГБ _c20090930 |
|
| 801 | 2 |
_aRU _bNLR _c20091119 _grcr |
|
| 942 | _cBOOK | ||
| 980 | _aNB | ||